书目信息 |
| 题名: |
安全生产实务与案例分析
|
|
| 作者: | 徐凯宏 , 王述洋 主编 ;黑龙江省安全生产监督管理局组织 编写 | |
| 分册: | ||
| 出版信息: | 北京 中国质检出版社 2013 |
|
| 页数: | 402页 | |
| 开本: | 26cm | |
| 丛书名: | ||
| 单 册: | ||
| 中图分类: | X92 | |
| 科图分类: | ||
| 主题词: | 安全生产--生产管理 | |
| 电子资源: | ||
| ISBN: | 978-7-5026-3759-0 | |
| 000 | 01356nam0 2200265 450 | |
| 001 | 012015000788 | |
| 005 | 20150911082203.35 | |
| 010 | @a978-7-5026-3759-0@dCNY50.00 | |
| 100 | @a20131020d2013 em y0chiy50 ea | |
| 101 | 0 | @achi |
| 102 | @aCN@b110000 | |
| 105 | @ay z 000yy | |
| 106 | @ar | |
| 200 | 1 | @a安全生产实务与案例分析@AAn Quan Sheng Chan Shi Wu Yu An Li Fen Xi@f徐凯宏,王述洋主编@g黑龙江省安全生产监督管理局组织编写 |
| 210 | @a北京@c中国质检出版社@c中国标准出版社@d2013 | |
| 215 | @a402页@d26cm | |
| 300 | @a黑龙江省注册助理安全工程师考试用书 | |
| 330 | @a本书共三篇:第一篇为安全生产管理部分,主要内容包括安全生产管理概述、企业安全生产基础管理制度、安全生产监督监察、系统风险管理与安全评价、重大危险源管理、职业卫生管理、安全生产应急管理、职业健康安全管理体系、企业生产安全事故调查与分析;第二篇为安全生产技术部分,主要内容包括机械安全技术、电气安全技术、防火防爆安全技术、特种设备安全技术、建筑工程施工安全技术、矿山安全技术、危险化学品安全技术;第三篇为案例分析,利用安全生产的原理及方法对所列案例进行剖析。 | |
| 606 | 0 | @a安全生产@x生产管理 |
| 690 | @aX92@v5 | |
| 701 | 0 | @a徐凯宏@AXu Kai Hong@4主编 |
| 701 | 0 | @a王述洋@AWang Shu Yang@4主编 |
| 712 | 02 | @a黑龙江省安全生产监督管理局组织@AHei Long Jiang Sheng An Quan Sheng Chan Jian Du Guan Li Ju Zu Zhi@4编写 |
| 801 | 0 | @aCN@b碧洲教育@c20150718 |
| 905 | @a10447@f4@dX92@e16 | |
| 安全生产实务与案例分析/徐凯宏,王述洋主编/黑龙江省安全生产监督管理局组织编写.-北京:中国质检出版社:中国标准出版社,2013 |
| 402页;26cm |
| 黑龙江省注册助理安全工程师考试用书 |
| ISBN 978-7-5026-3759-0:CNY50.00 |
| 本书共三篇:第一篇为安全生产管理部分,主要内容包括安全生产管理概述、企业安全生产基础管理制度、安全生产监督监察、系统风险管理与安全评价、重大危险源管理、职业卫生管理、安全生产应急管理、职业健康安全管理体系、企业生产安全事故调查与分析;第二篇为安全生产技术部分,主要内容包括机械安全技术、电气安全技术、防火防爆安全技术、特种设备安全技术、建筑工程施工安全技术、矿山安全技术、危险化学品安全技术;第三篇为案例分析,利用安全生产的原理及方法对所列案例进行剖析。 |
| ● |
| 相关链接 |
|
|
|
|
正题名:安全生产实务与案例分析
索取号:X92/16
 
预约/预借
| 序号 | 登录号 | 条形码 | 馆藏地/架位号 | 状态 | 备注 |
| 1 | 0848032 | 208480320 | 第二样本阅览室/ [索取号:X92/16] | 在馆 | |
| 2 | 0848033 | 208480339 | 第三借阅区/ [索取号:X92/16] | 在馆 | |
| 3 | 0848034 | 208480348 | 第三借阅区/ [索取号:X92/16] | 在馆 | |
| 4 | 0848035 | 208480357 | 化学系资料室/ [索取号:X92/16] | 在馆 |